000 00877nam a2200241Ia 4500
003 OSt
005 20220923215118.0
006 a|||||r|||| 00| 0
007 ta
008 220922b |||||||| |||| 00| 0 hin d
024 _a175,684
037 _cTextual
040 _aARTS
_cARTS
_bhin
041 _2hin
_ahin
082 _aO152,1xN1, K0
100 _aअग्रवाल, महावीर प्रसाद, संपा.
_9163628
245 0 _aकाव्य कुसुमाकर
246 _aKāvya kusumākara
260 _aइलाहाबाद
_b रामनारायण लाल बेनी प्रसाद
_c1960
650 _aहिन्दी साहित्य
_9156264
942 _hO152,1xN1, K0
_cTEXL
_2CC
999 _c329387
_d329387